00829cas a22002417a 450000500170000000800410001701000100005801100100006802200140007803500110009224500970010326000820020030000070028231000230028936200200031265000460033286600380037886600300041686600370044686600370048386600300052086600370055020220329143031.0001017u us zr pernn 0 b1eng d a90969 a91941 a0021-9258 a10250400aJournal of Biological Chemistryc/by American Society for Biochemistry and Molecular Biology0 aBaltimore, MA:bAmerican Society for Biochemistry and Molecular Biologyc190? av. a36 núm.por año av.267 n.35,199214aBioquímicaxPublicaciones periódicas. av.234- n.1-v.252 n.24 (1959-1977) av.253 n.1-18,20-24 (1978) av.254 n.1-v.255 n.24 (1979-1980) av.257 n.1-v.262 n.36 (1982-1987) av.263 n.1-30,32-35 (1988) av.264 n.4-v.266 n.36 (1989-1991)